| 000 | 00444nam a2200157 a 4500 | ||
|---|---|---|---|
| 001 | 000017075 | ||
| 005 | 20200929165020.0 | ||
| 008 | 100317s190? dr c 000 0 spa d | ||
| 040 |
_aDO-SdBNP _bspa _cBNPHU |
||
| 082 |
_axxxx _bP349 |
||
| 100 | 1 |
_aPeña, Tony _937665 |
|
| 245 | 1 | 0 |
_aGuía del beisbol profesional dominicano / _cTony Peña. |
| 260 |
_aSanto Domingo : _bTele-3, _c[190?]. |
||
| 300 |
_a149 p. : _bretrs. ; _c21 cm. |
||
| 049 | _aBNPD | ||
| 999 |
_c16601 _d16601 |
||